Astronomy and astrophysics abstracts (Record no. 4323)

MARC details
000 -LEADER
fixed length control field 00704nam a2200217Ia 4500
003 - CONTROL NUMBER IDENTIFIER
control field IN-BaIIA
008 - FIXED-LENGTH DATA ELEMENTS--GENERAL INFORMATION
fixed length control field 211028s9999 xx 000 0 eng d
020 ## - INTERNATIONAL STANDARD BOOK NUMBER
International Standard Book Number 3-540-06352-8
040 ## - CATALOGING SOURCE
Transcribing agency IIA Library
245 #0 - TITLE STATEMENT
Title Astronomy and astrophysics abstracts
Remainder of title vol. 8, pt. 2
Statement of responsibility, etc. edited by S. Bohme... [et al.]
260 ## - PUBLICATION, DISTRIBUTION, ETC.
Place of publication, distribution, etc. Berlin
Name of publisher, distributor, etc. Springer-Verlag
Date of publication, distribution, etc. 1973
300 ## - PHYSICAL DESCRIPTION
Extent x, 594p.
650 ## - SUBJECT ADDED ENTRY--TOPICAL TERM
Topical term or geographic name entry element Abstracts-Astronomy and Astrophysics
9 (RLIN) 6051
650 ## - SUBJECT ADDED ENTRY--TOPICAL TERM
Topical term or geographic name entry element Astronomy and Astrophysics Abstracts
9 (RLIN) 6052
650 ## - SUBJECT ADDED ENTRY--TOPICAL TERM
Topical term or geographic name entry element Astronomy and Astrophysics Thesaurus
700 ## - ADDED ENTRY--PERSONAL NAME
Personal name Bohme, S., ed.
9 (RLIN) 6427
700 ## - ADDED ENTRY--PERSONAL NAME
Personal name Fricke, W., ed.
9 (RLIN) 6053
700 ## - ADDED ENTRY--PERSONAL NAME
Personal name Guntzel-Lingner, U., ed.
9 (RLIN) 6054
700 ## - ADDED ENTRY--PERSONAL NAME
Personal name Henn, F., ed.
9 (RLIN) 6055
942 ## - ADDED ENTRY ELEMENTS (KOHA)
Koha item type Books
Holdings
Withdrawn status Lost status Source of classification or shelving scheme Damaged status Not for loan Home library Current library Shelving location Date acquired Cost, normal purchase price Total Checkouts Full call number Barcode Date last seen Cost, replacement price Price effective from Koha item type Purchase Price
    Dewey Decimal Classification     IIA Library-Bangalore IIA Library-Bangalore General Stacks 23/11/1973 226.68   048.1:52/ AAA-8 4827 05/11/2021 226.68 23/11/1973 Books Rs. 226.68

Powered by Koha